[Event "OLNN 2223 Hamburger SK III - Schachfreu"]
[Site "?"]
[Date "2023.02.05"]
[Round "5.4"]
[White "Garner, Isaac"]
[Black "Andersen, Jens Knud"]
[Result "1-0"]
[WhiteElo "2378"]
[BlackElo "2158"]
[PlyCount "88"]
[EventDate "2023.??.??"]

1. Nf3 d5 2. g3 c5 3. Bg2 Nc6 4. d4 Nf6 5. O-O e6 6. c4 Be7 7. cxd5 exd5 8. Nc3 O-O 9. dxc5 Bxc5 10. a3 Be6 11. b4 Be7 12. Bb2 Ne4 13. b5 Na5 14. Nxe4 dxe4 15. Nd4 Qd5 16. Qb1 f5 17. f3 Bc5 18. e3 exf3 19. Bxf3 Qe5 20. Nc2 Qc7 21. Qe1 Nc4 22. Bd4 Ne5 23. Bg2 Bd6 24. Nb4 Ng4 25. Nd5 Qf7 26. Nf4 Bxf4 27. Rxf4 Qh5 28. h3 Nf6 29. Bxb7 g5 30. Rf2 Ne4 31. Rh2 Rad8 32. Rc1 Qf3 33. Rg2 Rf7 34. Bc6 Rc8 35. Rcc2 Rfc7 36. Be5 Re7 37. Bd4 Rec7 38. Qe2 g4 39. hxg4 fxg4 40. Qd3 Bf5 41. Be5 Rxc6 42. Rxc6 Re8 43. Qb3+ Kf8 44. Rc7 Qf1+ 1-0

[Event "OLNN 2223 Hamburger SK III - Schachfreu"]
[Site "?"]
[Date "2023.02.05"]
[Round "5.5"]
[White "Zimmermann, Martin"]
[Black "Pulkkinen, Kari"]
[Result "0-1"]
[WhiteElo "2143"]
[BlackElo "2195"]
[PlyCount "120"]
[EventDate "2023.??.??"]

1. d4 Nf6 2. Nf3 g6 3. g3 Bg7 4. Bg2 O-O 5. O-O c5 6. c3 d6 7. dxc5 dxc5 8. Qxd8 Rxd8 9. Be3 Na6 10. Na3 Be6 11. Ng5 Bd5 12. Rad1 h6 13. Nh3 Bxg2 14. Kxg2 Nd5 15. Bc1 Nac7 16. Nf4 Nb6 17. e4 e6 18. Kf3 Na4 19. Nb1 b5 20. Ke2 b4 21. cxb4 cxb4 22. b3 Nc5 23. f3 Nb5 24. Be3 Rdc8 25. Rc1 Nc3+ 26. Nxc3 bxc3 27. Rfd1 a5 28. Nd3 Na6 29. Rc2 Nb4 30. Nxb4 axb4 31. Rd7 Ra6 32. Ra7 Rxa7 33. Bxa7 f5 34. Be3 Kf7 35. Bc1 Ra8 36. Kd3 fxe4+ 37. Kxe4 Bf8 38. Kd3 h5 39. Bg5 Ra5 40. Be3 Rd5+ 41. Ke2 g5 42. h3 Kg6 43. g4 Bd6 44. Bf2 Bf4 45. Be1 Re5+ 46. Kf1 h4 47. Bf2 Bd2 48. Bb6 Rd5 49. Ke2 Bf4 50. Bf2 Kf6 51. Bb6 Ke7 52. Bf2 Kd6 53. Bb6 Bd2 54. Kf2 Re5 55. Bd8 Kd5 56. Bb6 Re1 57. Ba7 e5 58. Bb6 e4 59. Ba7 e3+ 60. Kg2 Ra1 0-1

[Event "OLNN 2223 Hamburger SK III - Schachfreu"]
[Site "?"]
[Date "2023.02.05"]
[Round "5.6"]
[White "Kotyk, Michael"]
[Black "Mix, Clemens"]
[Result "1/2-1/2"]
[WhiteElo "2001"]
[BlackElo "2018"]
[PlyCount "202"]
[EventDate "2023.??.??"]

1. e4 c5 2. Nc3 Nc6 3. g3 g6 4. Bg2 Bg7 5. d3 e6 6. Be3 d6 7. Nge2 Nge7 8. d4 cxd4 9. Nxd4 O-O 10. O-O a6 11. h3 Qc7 12. Qd2 b5 13. a4 b4 14. Na2 Nxd4 15. Bxd4 e5 16. Be3 a5 17. c3 b3 18. Nc1 Be6 19. Ra3 Rab8 20. Qd1 Rfd8 21. Nxb3 Qb7 22. c4 Nc6 23. Qc2 Qb4 24. Rc1 Nd4 25. Nxd4 exd4 26. Bd2 Qxb2 27. Qxb2 Rxb2 28. Bxa5 Rc8 29. Bf1 d5 30. exd5 Bxd5 31. Raa1 Be4 32. Re1 Bc2 33. c5 d3 34. c6 Rxc6 35. Re8+ Bf8 36. Bd2 Kg7 37. a5 Bb4 38. Bxb4 Rxb4 39. a6 Rxa6 40. Rxa6 d2 41. Be2 d1=Q+ 42. Bxd1 Bxd1 43. Re1 Bf3 44. Ra3 Bd5 45. Rd3 Be6 46. Kg2 h5 47. h4 Rb2 48. Kf3 Kf6 49. Rc1 Bg4+ 50. Kg2 Ra2 51. Rdc3 Rd2 52. Rc6+ Kg7 53. R6c2 Rd3 54. Rc3 Rd2 55. R1c2 Rd1 56. f3 Be6 57. Kf2 Rh1 58. Ke3 Re1+ 59. Kf4 Kf6 60. Rc1 Re2 61. R3c2 Re5 62. Rc5 Re2 63. Rb1 Ra2 64. Rb4 Re2 65. Rc7 Re1 66. Re4 Ra1 67. Rb7 Rg1 68. Rb2 Rf1 69. Ree2 Ra1 70. Rb4 Rf1 71. Ke3 Rh1 72. Rf4+ Kg7 73. Rg2 Ra1 74. Rb2 Rh1 75. Rfb4 Kf6 76. Kf2 Rc1 77. Kg2 Rc3 78. Rf4+ Kg7 79. Rf2 Rc5 80. Rd4 Kf6 81. Rf4+ Kg7 82. Rb4 Kf6 83. g4 hxg4 84. fxg4+ Kg7 85. Kg3 Rc3+ 86. Rf3 Rc1 87. Kf4 Rg1 88. Kg5 Rd1 89. Rg3 Rd5+ 90. Kf4 Rd1 91. Rg2 Rf1+ 92. Kg3 Rh1 93. Rb5 Rd1 94. Rb4 Rd3+ 95. Kf4 Rh3 96. h5 gxh5 97. gxh5+ Kf6 98. Rb5 Rh4+ 99. Kf3 Bf5 100. Rb6+ Be6 101. Rb5 Bf5 1/2-1/2

[Event "OLNN 2223 Hamburger SK III - Schachfreu"]
[Site "?"]
[Date "2023.02.05"]
[Round "5.7"]
[White "Gremmel, Jonas Simon"]
[Black "Brinkmann, Fabian"]
[Result "1/2-1/2"]
[WhiteElo "2066"]
[BlackElo "2173"]
[PlyCount "69"]
[EventDate "2023.??.??"]

1. d4 d5 2. Nf3 Nf6 3. c4 c6 4. cxd5 cxd5 5. Nc3 e6 6. Bf4 Be7 7. e3 O-O 8. Bd3 Bd7 9. Ne5 Qb6 10. Qe2 Rc8 11. O-O Qd8 12. Rfc1 Be8 13. Rc2 a6 14. Rac1 Nc6 15. a3 Nxe5 16. Bxe5 Nd7 17. Bg3 Nf6 18. Be5 Rc6 19. Nb1 Rac8 20. Rxc6 Rxc6 21. Rxc6 Bxc6 22. Qc2 Qa5 23. Qc3 Qxc3 24. Nxc3 Ne4 25. Nxe4 dxe4 26. Bc2 f6 27. Bc7 Kf7 28. Kf1 Ke8 29. Ke1 Kd7 30. Bb6 Bd6 31. g3 Bd5 32. Ba4+ Bc6 33. Bc2 Bd5 34. Ba4+ Bc6 35. Bc2 1/2-1/2

[Event "OLNN 2223 Hamburger SK III - Schachfreu"]
[Site "?"]
[Date "2023.02.05"]
[Round "5.8"]
[White "Zieher, Hartmut"]
[Black "Kull, Florian"]
[Result "0-1"]
[WhiteElo "2138"]
[BlackElo "2104"]
[PlyCount "64"]
[EventDate "2023.??.??"]

1. e4 e6 2. d4 d5 3. Nd2 h6 4. Ngf3 Nf6 5. Bd3 c5 6. exd5 Nxd5 7. dxc5 Bxc5 8. Ne4 Be7 9. Qe2 Nc6 10. O-O Qc7 11. a3 Nf4 12. Bxf4 Qxf4 13. Rad1 O-O 14. c3 Bd7 15. Bb1 Rad8 16. Rfe1 g6 17. g3 Qc7 18. Qe3 Kg7 19. c4 Bc8 20. Qc3+ e5 21. Kg2 f5 22. Ned2 Bf6 23. Qc1 b6 24. Ng1 Bb7 25. f3 Nd4 26. h4 Qc6 27. Re3 g5 28. hxg5 Bxg5 29. Rxe5 Nxf3 30. Ngxf3 Rxd2+ 31. Rxd2 Qxf3+ 32. Kh2 Bxd2 0-1

[Event "OLNN 2223 Lübecker SV - SC Königsspri"]
[Site "?"]
[Date "2023.02.05"]
[Round "5.1"]
[White "Zimmermann, Julian"]
[Black "Kalinitschew, Sergey"]
[Result "0-1"]
[WhiteElo "2298"]
[BlackElo "2390"]
[PlyCount "96"]
[EventDate "2023.??.??"]

1. e4 c5 2. Nc3 Nc6 3. Bb5 Nd4 4. Nf3 a6 5. Bd3 Nc6 6. Be2 e6 7. d4 cxd4 8. Nxd4 Qc7 9. O-O Nf6 10. Nxc6 bxc6 11. Bd3 d5 12. Qe2 Be7 13. Bg5 Bb7 14. e5 Nd7 15. Bxe7 Kxe7 16. Rfe1 a5 17. Na4 c5 18. Bb5 Nb6 19. Qg4 Rag8 20. Qg5+ f6 21. exf6+ gxf6 22. Qe3 e5 23. Qxc5+ Qxc5 24. Nxc5 Ba8 25. Nb3 a4 26. Nd2 Rc8 27. Rac1 Rc5 28. c4 dxc4 29. Bxc4 Rd8 30. Rc2 Rxd2 31. Rxd2 Rxc4 32. g3 Bd5 33. Kf1 e4 34. Ke2 Rb4 35. Rc1 Kd6 36. Rc3 e3 37. Rxe3 Nc4 38. Rd4 Kc5 39. Red3 Rxb2+ 40. Ke1 Be6 41. f4 Bf7 42. Rd8 Rxa2 43. Rc8+ Kb5 44. Rc7 Bh5 45. Rb7+ Ka6 46. Rb4 Re2+ 47. Kf1 Nd2+ 48. Kg1 Bf3 0-1

[Event "OLNN 2223 Lübecker SV - SC Königsspri"]
[Site "?"]
[Date "2023.02.05"]
[Round "5.2"]
[White "Kreuzholz, Michael"]
[Black "Weber, Max"]
[Result "1/2-1/2"]
[WhiteElo "2315"]
[BlackElo "2278"]
[PlyCount "51"]
[EventDate "2023.??.??"]

1. e4 c5 2. Nf3 e6 3. d4 cxd4 4. Nxd4 Nc6 5. Nc3 Qc7 6. Be3 a6 7. Qf3 Nf6 8. O-O-O h5 9. Nxc6 dxc6 10. e5 Qxe5 11. Bc4 Nd5 12. Rhe1 Be7 13. Bxd5 exd5 14. Bf4 Qf6 15. Rxd5 Be6 16. Ne4 Qg6 17. Nd6+ Bxd6 18. Rxd6 O-O 19. Re5 Rfd8 20. Rg5 Qf6 21. Rxd8+ Rxd8 22. Qe3 Qe7 23. f3 Rd5 24. Rxd5 cxd5 25. Qe5 f6 26. Qd6 1/2-1/2

[Event "OLNN 2223 Lübecker SV - SC Königsspri"]
[Site "?"]
[Date "2023.02.05"]
[Round "5.3"]
[White "Borgmeyer, Max"]
[Black "Schmidt, Harald"]
[Result "0-1"]
[WhiteElo "2208"]
[BlackElo "2346"]
[PlyCount "108"]
[EventDate "2023.??.??"]

1. e4 c6 2. d4 d5 3. exd5 cxd5 4. Bd3 Nc6 5. c3 Nf6 6. Bf4 Bg4 7. Nf3 Bxf3 8. Qxf3 e6 9. Nd2 Bd6 10. O-O Rc8 11. Rae1 h6 12. Bxd6 Qxd6 13. Qh3 Qf4 14. Re2 Kd8 15. g3 Qd6 16. f4 Kc7 17. Nf3 Kb8 18. Ne5 Rc7 19. Rfe1 Nd8 20. f5 exf5 21. Qxf5 a6 22. Ng4 Nxg4 23. Qxg4 Ne6 24. Bf5 h5 25. Qh4 g5 26. Qh3 Ng7 27. Qf1 Ka7 28. Re5 f6 29. R5e3 g4 30. R1e2 h4 31. Bxg4 hxg3 32. Rxg3 f5 33. Bf3 f4 34. Rg5 Nf5 35. Re5 Ne3 36. Qf2 Rch7 37. Bxd5 Rxh2 38. Qxh2 Rxh2 39. Kxh2 Qh6+ 40. Kg1 Qh4 41. Bg2 Ng4 42. Re7 Qh2+ 43. Kf1 Ne3+ 44. Rxe3 fxe3 45. Rg7 Qf4+ 46. Ke2 Qf2+ 47. Kd3 Qd2+ 48. Ke4 Qxb2 49. Kd3 Qd2+ 50. Ke4 Qxa2 51. Kd3 Qd2+ 52. Kc4 Kb8 53. Rxb7+ Kc8 54. Bd5 e2 0-1

[Event "OLNN 2223 Lübecker SV - SC Königsspri"]
[Site "?"]
[Date "2023.02.05"]
[Round "5.4"]
[White "Bornholdt, Joa Max"]
[Black "Wagner, Friedrich"]
[Result "1-0"]
[WhiteElo "2294"]
[BlackElo "2144"]
[PlyCount "63"]
[EventDate "2023.??.??"]

1. e4 c6 2. d4 d5 3. Nc3 dxe4 4. Nxe4 Nd7 5. Nf3 Ngf6 6. Ned2 g6 7. g3 Bg7 8. Bg2 O-O 9. O-O Nb6 10. Re1 Re8 11. Nb3 Nfd7 12. Qd3 Nd5 13. Bd2 Nc7 14. a4 Na6 15. Rad1 Qc7 16. Bf4 Qd8 17. c4 Nb4 18. Qe2 a5 19. Ne5 Nf8 20. d5 Qb6 21. c5 Qa6 22. dxc6 Nxc6 23. Nxc6 bxc6 24. Qf3 Be6 25. Bc7 Rec8 26. Bb6 Bxb2 27. Bf1 Bc4 28. Rxe7 f5 29. Nxa5 Bxf1 30. Qb3+ Bc4 31. Qxb2 Bf7 32. Qf6 1-0

[Event "OLNN 2223 Lübecker SV - SC Königsspri"]
[Site "?"]
[Date "2023.02.05"]
[Round "5.5"]
[White "Langmann, Markus"]
[Black "Christ, Ralf"]
[Result "1/2-1/2"]
[WhiteElo "2072"]
[BlackElo "2251"]
[PlyCount "64"]
[EventDate "2023.??.??"]

1. e4 c5 2. c3 d5 3. exd5 Qxd5 4. d4 Nf6 5. Nf3 Bg4 6. Be2 e6 7. h3 Bh5 8. O-O Nc6 9. Be3 cxd4 10. Nxd4 Bxe2 11. Qxe2 Be7 12. Nb5 Qd8 13. Rd1 Qb8 14. c4 a6 15. Nd4 Qc7 16. Nc3 O-O 17. Nf3 Rfd8 18. b3 Rxd1+ 19. Rxd1 Rd8 20. Na4 Rxd1+ 21. Qxd1 Qd7 22. Qxd7 Nxd7 23. Nd4 Nxd4 24. Bxd4 e5 25. Be3 f5 26. Kf1 Kf7 27. Ke2 Ke6 28. f3 Bb4 29. Kd3 Kd6 30. Nc3 Nf6 31. Kc2 Bc5 32. Kd3 Bb4 1/2-1/2

[Event "OLNN 2223 Lübecker SV - SC Königsspri"]
[Site "?"]
[Date "2023.02.05"]
[Round "5.6"]
[White "Ehrke, Michael"]
[Black "Lampe, Joerg"]
[Result "1-0"]
[WhiteElo "2165"]
[BlackElo "2108"]
[PlyCount "143"]
[EventDate "2023.??.??"]

1. d4 d5 2. Bf4 e6 3. e3 Nf6 4. Nf3 c5 5. c3 Nc6 6. Nbd2 Be7 7. Ne5 O-O 8. Bd3 c4 9. Bc2 Bd7 10. e4 dxe4 11. Nxe4 Nxe4 12. Bxe4 Nxe5 13. Bxe5 Qb6 14. O-O Bc6 15. Qg4 g6 16. Bxc6 bxc6 17. Qe2 Qb5 18. Rfe1 Rfd8 19. Qd2 Rd7 20. h4 Bf8 21. h5 Bg7 22. Qe2 Bxe5 23. dxe5 Rad8 24. Qe3 Rd5 25. Qf4 Qc5 26. Re3 Rd3 27. Re4 Qd5 28. h6 Rd1+ 29. Re1 Rxa1 30. Rxa1 Qc5 31. Qf6 Qf8 32. Re1 Rd5 33. Qf4 Qc5 34. Re4 Qf8 35. Rxc4 f6 36. exf6 e5 37. f7+ Qxf7 38. Qxf7+ Kxf7 39. Rxc6 Rd1+ 40. Kh2 g5 41. Ra6 Rd2 42. Rxa7+ Kg6 43. Rb7 Rxf2 44. Kg3 Rf1 45. a4 Ra1 46. Kg4 Rxa4+ 47. b4 Ra6 48. Rc7 Kxh6 49. Kf5 Ra2 50. g4 Rf2+ 51. Kxe5 Rf4 52. Rc6+ Kg7 53. b5 Rxg4 54. b6 Rg1 55. Rc4 Re1+ 56. Kd6 Re8 57. b7 Rb8 58. Kc7 Rxb7+ 59. Kxb7 h5 60. Rd4 g4 61. c4 g3 62. c5 g2 63. Rd1 h4 64. c6 h3 65. c7 h2 66. c8=Q g1=Q 67. Rd7+ Kg6 68. Qe8+ Kh6 69. Qf8+ Kh5 70. Rh7+ Kg4 71. Rg7+ Kh3 72. Qh8# 1-0

[Event "OLNN 2223 Lübecker SV - SC Königsspri"]
[Site "?"]
[Date "2023.02.05"]
[Round "5.7"]
[White "Hloskovsky, Andrei"]
[Black "Lampe, Dirk"]
[Result "1/2-1/2"]
[WhiteElo "2067"]
[BlackElo "2134"]
[PlyCount "96"]
[EventDate "2023.??.??"]

1. e4 c5 2. Nc3 Nc6 3. g3 g6 4. Bg2 Bg7 5. d3 d6 6. Be3 Rb8 7. Qd2 b5 8. f4 b4 9. Nd1 e6 10. Nf3 Nd4 11. O-O Ne7 12. Nh4 O-O 13. c3 bxc3 14. bxc3 Nb5 15. a4 Nc7 16. d4 cxd4 17. Bxd4 Bxd4+ 18. Qxd4 Na6 19. Qxa7 Nc6 20. Qf2 Nc5 21. Ne3 Ba6 22. Rfd1 Rb3 23. e5 Nd3 24. Rxd3 Bxd3 25. Bxc6 Qb6 26. Bb5 Bxb5 27. axb5 dxe5 28. fxe5 Rxc3 29. Ng4 Qxf2+ 30. Kxf2 Rb3 31. Nf3 Rxb5 32. Ra7 Kg7 33. Ng5 Rb6 34. Ne4 Rb5 35. Nd6 Rd5 36. Nc4 Rfd8 37. Nge3 R5d7 38. Ra6 Rb8 39. g4 h6 40. h4 Rc7 41. Nd6 Rc3 42. Ndc4 Rb4 43. Rc6 Ra4 44. Kf3 Ra2 45. Rd6 Rh2 46. Kg3 Re2 47. Kf3 Rh2 48. Kg3 Re2 1/2-1/2

[Event "OLNN 2223 Lübecker SV - SC Königsspri"]
[Site "?"]
[Date "2023.02.05"]
[Round "5.8"]
[White "Bosselmann, Tom Linus"]
[Black "Raider, Eugen"]
[Result "1/2-1/2"]
[WhiteElo "2103"]
[BlackElo "2036"]
[PlyCount "107"]
[EventDate "2023.??.??"]

1. e4 e6 2. d4 d5 3. Bd3 c5 4. exd5 cxd4 5. Nf3 Qxd5 6. O-O Nc6 7. c3 Bd7 8. cxd4 Nxd4 9. Nxd4 Qxd4 10. Nc3 a6 11. Qe2 Nf6 12. Rd1 Qg4 13. Qxg4 Nxg4 14. Bf4 Bb4 15. Rac1 Rc8 16. Ne4 e5 17. Rxc8+ Bxc8 18. Bg5 f6 19. Bc1 f5 20. Ng3 Bc5 21. Rd2 Be6 22. h3 Nxf2 23. Rxf2 O-O 24. Kf1 Bxf2 25. Kxf2 Bxa2 26. Ne2 Bd5 27. Nc3 Bb3 28. g3 h6 29. h4 g6 30. Bxh6 Rd8 31. Ke3 e4 32. Be2 b5 33. Bg5 Rd7 34. Nb1 Bc4 35. Bxc4+ bxc4 36. Bf4 Rd1 37. Nd2 Kf7 38. Nxc4 Ke6 39. Ke2 Rb1 40. Kd2 Kd5 41. Kc3 Rg1 42. b4 Ra1 43. Ne3+ Kc6 44. h5 gxh5 45. Nxf5 a5 46. bxa5 Rxa5 47. Ne7+ Kd7 48. Ng6 Ke6 49. Kd4 Ra4+ 50. Ke3 Kf5 51. Ne7+ Kg4 52. Nd5 Kf5 53. Ne7+ Kf6 54. Nd5+ 1/2-1/2

[Event "OLNN 2223 SK Johanneum Eppendorf - SF S"]
[Site "?"]
[Date "2023.02.05"]
[Round "5.1"]
[White "Kesten, Sebastian"]
[Black "Yakovich, Yuri"]
[Result "0-1"]
[WhiteElo "2307"]
[BlackElo "2526"]
[PlyCount "120"]
[EventDate "2023.??.??"]

1. d4 Nf6 2. c4 e6 3. Nf3 d5 4. Nc3 c6 5. cxd5 exd5 6. g3 Bf5 7. Nh4 Be6 8. Bg2 Be7 9. O-O O-O 10. Qc2 Re8 11. Bg5 h6 12. Bd2 Nbd7 13. Rad1 Nb6 14. Bc1 Qd7 15. Rfe1 Bh3 16. Bh1 Rad8 17. Qb3 Bd6 18. Ng2 Bf5 19. Bf4 Bf8 20. Ne3 Bh7 21. Nf1 Ne4 22. Nd2 Nxd2 23. Bxd2 Nc4 24. Bf4 Nd6 25. Bxd6 Bxd6 26. Bg2 Bg6 27. e3 Re7 28. Rc1 Rde8 29. Qa4 a6 30. Qb3 h5 31. Qd1 h4 32. gxh4 Bf5 33. Ne2 Bg4 34. Qd3 Qe6 35. Ng3 Qf6 36. h5 Qg5 37. Rc2 Bxg3 38. hxg3 Bf5 39. e4 Bxe4 40. Bxe4 dxe4 41. Qe3 Qxh5 42. Rc5 Qh3 43. Qf4 Qd7 44. Re5 Qxd4 45. R1xe4 Qxe5 46. Rxe5 Rxe5 47. b3 c5 48. Kg2 b6 49. Qa4 a5 50. Qc6 R5e6 51. Qd7 g6 52. Kh3 Kg7 53. f4 Rh8+ 54. Kg4 Rh2 55. a3 Re3 56. Qb7 Rxb3 57. f5 gxf5+ 58. Kxf5 Rh6 59. g4 Rf6+ 60. Ke4 Rg3 0-1

[Event "OLNN 2223 SK Johanneum Eppendorf - SF S"]
[Site "?"]
[Date "2023.02.05"]
[Round "5.2"]
[White "Wedberg, Tom"]
[Black "Hilwerda, Jonas"]
[Result "1/2-1/2"]
[WhiteElo "2390"]
[BlackElo "2304"]
[PlyCount "146"]
[EventDate "2023.??.??"]

1. e4 c5 2. Nf3 e6 3. d4 cxd4 4. Nxd4 Nf6 5. Nc3 Nc6 6. Ndb5 Bb4 7. a3 Bxc3+ 8. Nxc3 d5 9. exd5 exd5 10. Bd3 O-O 11. O-O Bg4 12. f3 Bh5 13. Ne2 Qb6+ 14. Kh1 Ne5 15. Nf4 Nxd3 16. Qxd3 Bg6 17. Nxg6 hxg6 18. Be3 Qc6 19. Bd4 Rfe8 20. Rad1 Re6 21. Rfe1 a6 22. Rxe6 Qxe6 23. Bxf6 Qxf6 24. b4 Rc8 25. h3 Kh7 26. Qxd5 Rxc2 27. Qxb7 Ra2 28. Qc7 Rxa3 29. Qc4 Rxf3 30. Rb1 Rf4 31. Qd3 Rd4 32. Qe2 Qd6 33. b5 Rd2 34. Qf1 axb5 35. Qxb5 Qg3 36. Qc6 Rf2 37. Kg1 Rf4 38. Qb6 g5 39. Rf1 Rxf1+ 40. Kxf1 g4 41. hxg4 Qxg4 42. Qc7 Kg6 43. Kg1 Qd4+ 44. Kh1 f5 45. Qc6+ Kg5 46. Qc1+ Kh5 47. Qf1 g6 48. Qf3+ Kg5 49. Qg3+ Kf6 50. Qa3 Ke6 51. Qb3+ Qd5 52. Qe3+ Qe5 53. Qb6+ Qd6 54. Qe3+ Kf6 55. Qc3+ Qe5 56. Qc6+ Kg5 57. Qc1+ f4 58. Qb1 Qe3 59. Kh2 f3 60. gxf3 Qf2+ 61. Kh1 Qxf3+ 62. Kh2 Kh5 63. Qb5+ Kh4 64. Qb4+ Kg5 65. Qe7+ Kg4 66. Qe6+ Qf5 67. Qe2+ Kf4 68. Qd2+ Ke5 69. Qe3+ Kf6 70. Qc3+ Kg5 71. Qg3+ Kh5 72. Qh3+ Qxh3+ 73. Kxh3 g5 1/2-1/2

[Event "OLNN 2223 SK Johanneum Eppendorf - SF S"]
[Site "?"]
[Date "2023.02.05"]
[Round "5.3"]
[White "Reichmann, Hendrik"]
[Black "Zart, Ruediger"]
[Result "1-0"]
[WhiteElo "2315"]
[BlackElo "2134"]
[PlyCount "113"]
[EventDate "2023.??.??"]

1. d4 d5 2. Bf4 Nf6 3. Nc3 a6 4. e3 c5 5. dxc5 Nc6 6. a3 e5 7. Bg5 Be6 8. b4 Be7 9. Nf3 O-O 10. Be2 b6 11. cxb6 Qxb6 12. O-O Rfd8 13. Na4 Qc7 14. c3 Nb8 15. Qc2 Nbd7 16. Rac1 Rdc8 17. Rfd1 Bd6 18. Nd2 Bg4 19. Bxg4 Nxg4 20. h3 Ngf6 21. c4 h6 22. Bh4 a5 23. c5 axb4 24. axb4 Qc6 25. Nc3 Bb8 26. Nb3 Qe6 27. b5 d4 28. exd4 exd4 29. Re1 Qc4 30. Bxf6 dxc3 31. Qxc3 Qf4 32. Bd4 Qh2+ 33. Kf1 Qh1+ 34. Ke2 Ra2+ 35. Kd1 Qxg2 36. Rc2 Rxc2 37. Kxc2 f6 38. Kb2 Ne5 39. Nd2 Qg6 40. Re3 Qf5 41. c6 Kh8 42. Re4 Bd6 43. f4 Ng6 44. Qd3 Qd5 45. Qc4 Nxf4 46. Qxd5 Nxd5 47. Nc4 Bc7 48. Ba7 Kg8 49. Rd4 Ne7 50. Bc5 Ng6 51. Rd7 Ne5 52. Nxe5 Bxe5+ 53. Kb3 g5 54. Kc4 h5 55. Bd4 Bxd4 56. Kxd4 Kf8 57. c7 1-0

[Event "OLNN 2223 SK Johanneum Eppendorf - SF S"]
[Site "?"]
[Date "2023.02.05"]
[Round "5.4"]
[White "Keyser, Robin"]
[Black "Wolf, Christoph"]
[Result "1/2-1/2"]
[WhiteElo "2138"]
[BlackElo "2180"]
[PlyCount "73"]
[EventDate "2023.??.??"]

1. d4 d5 2. c4 e6 3. Nf3 c5 4. cxd5 exd5 5. g3 Nc6 6. Bg2 Nf6 7. O-O c4 8. Nc3 Be7 9. Ne5 O-O 10. Bg5 Be6 11. e4 Nxe4 12. Nxc6 bxc6 13. Bxe7 Qxe7 14. Nxe4 dxe4 15. Bxe4 Bd5 16. Bxd5 cxd5 17. Qf3 Qb7 18. b3 Rac8 19. Rfc1 cxb3 20. Qxb3 Qd7 21. Rc5 Rxc5 22. dxc5 Qc6 23. Rc1 g6 24. a4 Rc8 25. Qb5 Kg7 26. Kf1 Qf6 27. c6 d4 28. c7 Qe6 29. Qc4 Qe5 30. Kg1 d3 31. Qxd3 Rxc7 32. Rxc7 Qxc7 33. Qd4+ Kg8 34. h4 h5 35. Qd5 a5 36. Kg2 Qc3 37. Qd8+ 1/2-1/2

[Event "OLNN 2223 SK Johanneum Eppendorf - SF S"]
[Site "?"]
[Date "2023.02.05"]
[Round "5.5"]
[White "Rittemann, Steffen"]
[Black "von Gleich, Alexander"]
[Result "1-0"]
[WhiteElo "2151"]
[BlackElo "2248"]
[PlyCount "87"]
[EventDate "2023.??.??"]

1. e4 c5 2. Nf3 e6 3. c3 Nf6 4. e5 Nd5 5. d4 cxd4 6. cxd4 d6 7. Bd3 dxe5 8. dxe5 Nb4 9. Bb5+ Bd7 10. Be2 Be7 11. O-O O-O 12. Nc3 Bc6 13. Nd4 Qc7 14. a3 N4a6 15. Nxc6 Nxc6 16. Bf4 Rad8 17. Qc1 Nc5 18. Qe3 Qb6 19. b4 Nb3 20. Qxb6 axb6 21. Rad1 g5 22. Be3 Nxe5 23. Bxb6 Rc8 24. Nb5 Rc2 25. Rfe1 Rfc8 26. Bf1 Nc4 27. Bxc4 R8xc4 28. Rd7 Bf6 29. Be3 b6 30. Bxb6 Nd2 31. Be3 Ne4 32. f3 Nc3 33. Nd6 Rc6 34. Nxf7 Nd5 35. Nh6+ Kh8 36. Bc5 Nf4 37. g3 Nh3+ 38. Kh1 Nf2+ 39. Kg1 Nh3+ 40. Kh1 Nf2+ 41. Bxf2 Rxf2 42. Ng4 Rxf3 43. b5 Rb6 44. Rc1 1-0

[Event "OLNN 2223 SK Johanneum Eppendorf - SF S"]
[Site "?"]
[Date "2023.02.05"]
[Round "5.6"]
[White "Schroeder, Christoph"]
[Black "Grahl, Arvid"]
[Result "1/2-1/2"]
[WhiteElo "2136"]
[BlackElo "2150"]
[PlyCount "34"]
[EventDate "2023.??.??"]

1. e4 d6 2. d4 Nf6 3. Nc3 g6 4. Nf3 Bg7 5. Be3 O-O 6. Qd2 d5 7. e5 Ne4 8. Nxe4 dxe4 9. Ng5 c5 10. Nxe4 cxd4 11. Bxd4 Nc6 12. Bc3 Qxd2+ 13. Nxd2 Nxe5 14. Nc4 Nxc4 15. Bxg7 Kxg7 16. Bxc4 Bf5 17. O-O-O Rfd8 1/2-1/2

[Event "OLNN 2223 SK Johanneum Eppendorf - SF S"]
[Site "?"]
[Date "2023.02.05"]
[Round "5.7"]
[White "Heinsohn, Wilfried"]
[Black "Behrhorst, Frank"]
[Result "1/2-1/2"]
[WhiteElo "2112"]
[BlackElo "2219"]
[PlyCount "68"]
[EventDate "2023.??.??"]

1. Nf3 Nf6 2. g3 d5 3. Bg2 c6 4. O-O Bf5 5. d3 e6 6. Nbd2 h6 7. Re1 Bh7 8. b3 Nbd7 9. Bb2 Be7 10. e4 dxe4 11. Nxe4 O-O 12. Qd2 Nxe4 13. dxe4 Nf6 14. Qc3 Qb6 15. a3 Rfd8 16. Ne5 Qc5 17. Qxc5 Bxc5 18. Nd3 Bd4 19. Bxd4 Rxd4 20. f3 Rad8 21. Kf1 g5 22. g4 Nd7 23. Rad1 e5 24. Ke2 Kf8 25. Nb2 Nb6 26. c3 Rxd1 27. Rxd1 Ke7 28. Rxd8 Kxd8 29. Kd2 f6 30. Bf1 Bg8 31. Kc2 Kc7 32. a4 a5 33. b4 axb4 34. cxb4 Kd6 1/2-1/2

[Event "OLNN 2223 SK Johanneum Eppendorf - SF S"]
[Site "?"]
[Date "2023.02.05"]
[Round "5.8"]
[White "Wirthgen, Peter"]
[Black "Schulz, Karsten"]
[Result "1-0"]
[WhiteElo "2109"]
[BlackElo "2263"]
[PlyCount "129"]
[EventDate "2023.??.??"]

1. d4 g6 2. c4 Bg7 3. e4 d6 4. Nf3 e5 5. Nc3 Nc6 6. Bg5 Nge7 7. dxe5 dxe5 8. Nd5 h6 9. Bf6 Bxf6 10. Nxf6+ Kf8 11. Qxd8+ Nxd8 12. Nxe5 Kg7 13. Ned7 Ne6 14. O-O-O Rd8 15. g3 Nc6 16. Bh3 Ncd4 17. Bxe6 Nxe6 18. f4 b6 19. f5 Nf8 20. Nxf8 Rxd1+ 21. Rxd1 Kxf6 22. fxg6 fxg6 23. e5+ Kxe5 24. Nxg6+ Ke4 25. Rd8 c5 26. Kd2 Bb7 27. Rxa8 Bxa8 28. Ne7 Kd4 29. b3 h5 30. Nc8 Ke4 31. Ke2 Kd4 32. Nxa7 Bb7 33. Nb5+ Ke5 34. Ke3 Bc8 35. Nc3 Kd6 36. Nd5 b5 37. Nf6 bxc4 38. bxc4 Be6 39. Kd3 Bf5+ 40. Kc3 Bg6 41. Nd5 Be8 42. Nf4 Ke5 43. Nd3+ Kd6 44. Kb3 Bg6 45. Nf4 Bf7 46. a4 Kc6 47. Nd3 Kb6 48. Kc3 Be8 49. a5+ Kxa5 50. Nxc5 Kb6 51. Kd4 Kc6 52. Ne4 Bf7 53. Ng5 Be8 54. Nf3 Kd6 55. c5+ Ke6 56. Ne5 Ba4 57. Nd3 Kf5 58. Nf2 Bc6 59. h3 Bg2 60. Kc4 Ke5 61. Kb5 Kd4 62. c6 Ke3 63. c7 Bb7 64. g4 hxg4 65. hxg4 1-0

[Event "OLNN 2223 Preetzer TSV - SV Bad Schwart"]
[Site "?"]
[Date "2023.02.05"]
[Round "5.1"]
[White "Schmid, Thomas"]
[Black "Pedersen, Steffen"]
[Result "0-1"]
[WhiteElo "2201"]
[BlackElo "2340"]
[PlyCount "92"]
[EventDate "2023.??.??"]

1. d4 Nf6 2. Bf4 e6 3. e3 c5 4. c3 Be7 5. Bd3 b6 6. h3 Ba6 7. Nf3 Qc8 8. O-O O-O 9. a4 Bxd3 10. Qxd3 Qb7 11. Nbd2 cxd4 12. exd4 d6 13. Rfe1 Nbd7 14. Ng5 Rfd8 15. Nde4 Nf8 16. Qf3 d5 17. Nxf6+ gxf6 18. Nxf7 Kxf7 19. Qh5+ Kg8 20. Bh6 Qd7 21. Qg4+ Ng6 22. Rxe6 Bf8 23. Bxf8 Rxf8 24. Rxf6 Qxg4 25. Rxf8+ Rxf8 26. hxg4 Nf4 27. Rd1 Re8 28. g3 Nh3+ 29. Kf1 Ng5 30. a5 b5 31. Rd3 Ne4 32. Re3 Rf8 33. f4 Rc8 34. Ke2 b4 35. cxb4 Rc2+ 36. Ke1 Rxb2 37. a6 Rxb4 38. Rd3 Rb1+ 39. Ke2 Rb2+ 40. Ke1 Kf7 41. Ra3 h6 42. g5 hxg5 43. fxg5 Nxg5 44. Rc3 Ne6 45. Rc6 Ke7 46. Rc8 Rb6 0-1

[Event "OLNN 2223 Preetzer TSV - SV Bad Schwart"]
[Site "?"]
[Date "2023.02.05"]
[Round "5.2"]
[White "Moeller, Dustin"]
[Black "Gressmann, Moritz"]
[Result "1/2-1/2"]
[WhiteElo "2256"]
[BlackElo "2140"]
[PlyCount "120"]
[EventDate "2023.??.??"]

1. e4 e6 2. d4 d5 3. Nd2 dxe4 4. Nxe4 Bd7 5. Nf3 Bc6 6. Bd3 Nf6 7. Nxf6+ gxf6 8. Bf4 Bd6 9. Bg3 f5 10. Qe2 Bxf3 11. Qxf3 c6 12. c3 Rg8 13. O-O Bxg3 14. fxg3 Nd7 15. Rae1 Kf8 16. h3 Rg7 17. Kh2 Qc7 18. Qf4 Qxf4 19. gxf4 Nf6 20. Re3 Rd8 21. Be2 Ke7 22. Rg3 Rxg3 23. Kxg3 c5 24. Rd1 cxd4 25. Rxd4 Rxd4 26. cxd4 Kd6 27. Kf2 Nd5 28. g3 Nb4 29. Bc4 a6 30. a3 Nc6 31. Ke3 Ne7 32. Be2 Nd5+ 33. Kd3 b5 34. b4 Nb6 35. Kc3 Na4+ 36. Kb3 Kd5 37. Bf3+ Kxd4 38. Bb7 f6 39. Bxa6 Nc3 40. Bc8 e5 41. fxe5 fxe5 42. Bxf5 h6 43. Kc2 e4 44. Kd2 Nb1+ 45. Ke2 Nxa3 46. g4 Nc2 47. Bd7 Nxb4 48. Bxb5 Nd5 49. Kf2 Ke5 50. Kg3 Nc7 51. Bc6 Ne6 52. h4 e3 53. Bb5 Nd4 54. Bd3 e2 55. Kf2 Kf4 56. Bxe2 Nxe2 57. Kxe2 Kxg4 58. Kf2 Kxh4 59. Kg2 h5 60. Kh2 Kg4 1/2-1/2